00300nam a2200133Ia 4500003000400000005001700004008004100021020000800062040001700070100002400087245002900111260001700140260000900157OSt20240321125817.0170524s9999 xx 000 0 und d aNIL cIIMTU MEERUT aMcWilliam and Paine 0aModern food Preservation bSurjeet Pub. c1984